Type Countries of Africa Quiz - Hard - Statistics

General Stats
  • This quiz has been taken 11 times
  • The average score is 43 of 54
Answer Stats
Hint Answer % Correct
10 Algeria
100%
4 D. R. Congo
100%
38 Central African Republic
89%
50 Djibouti
89%
47 Equatorial Guinea
89%
40 Eritrea
89%
43 Gabon
89%
42 Gambia
89%
27 Guinea
89%
46 Guinea-Bissau
89%
16 Ivory Coast
89%
45 Lesotho
89%
35 Libya
89%
21 Malawi
89%
19 Mali
89%
39 Mauritania
89%
12 Morocco
89%
33 Togo
89%
22 Zambia
89%
28 Benin
78%
20 Burkina Faso
78%
17 Cameroon
78%
52 Cape Verde
78%
23 Chad
78%
51 Comoros
78%
36 Congo
78%
3 Egypt
78%
48 Eswatini
78%
2 Ethiopia
78%
14 Ghana
78%
37 Liberia
78%
15 Madagascar
78%
49 Mauritius
78%
13 Mozambique
78%
41 Namibia
78%
18 Niger
78%
1 Nigeria
78%
29 Rwanda
78%
25 Senegal
78%
24 Somalia
78%
6 South Africa
78%
31 South Sudan
78%
8 Sudan
78%
5 Tanzania
78%
32 Tunisia
78%
9 Uganda
78%
26 Zimbabwe
78%
11 Angola
67%
44 Botswana
67%
7 Kenya
67%
54 Seychelles
67%
34 Sierra Leone
67%
30 Burundi
56%
53 São Tomé and Príncipe
56%
No matching quizzes found
Score Distribution
Percent of People with Each Score
Percentile by Number Answered
Your Score History
You have not taken this quiz